000 00729nam a2200253 a 4500
999 _c1778
_d1778
007 ta
008 200117s1977 ii a|||g u|||f00| 0 eng d
020 _cRS. 180.00
040 _aKO
_beng
041 0 _aeng
044 _aii
082 0 4 _223
_a623.812
_bIS8214(IV):1976
110 2 _aIndian Standards Institution
245 1 0 _aGlossary of Ships' Hydrodynamic Terms.
_nPart IV.
_pSea keeping
260 _aNew Delhi :
_bIndian Standards Institution,
_c1977
300 _a9 p. :
_bill. ;
_c30 cm.
490 0 _aIndian Standard ;
_vIS 8214 (Part IV) - 1976
650 0 _aShips
_xHydrodynamics
_xTerminology
650 0 _aShips
_xSeakeeping
_xTerminology
904 _aRUDRA_R
905 _aR_RANJAN
942 _cRT